Les Jacques célèbres - Statistiques

Statistiques générales
  • Ce quiz a été pris 263 fois
  • Le résultat moyen est 8 sur 25
Statistiques - réponses
Indice Initiale Nom % Correct
Président 1932-2019 C Chirac
87%
Chanteur 1929-1978 B Brel
79%
Cycliste 1934-1987 A Anquetil
61%
Poète 1900-1977 P Prévert
55%
Politicien 1915-2000 CD Chaban-Delmas
54%
Explorateurs 1491-1557 C Cartier
52%
Chanteur 1940-2018 H Higelin
50%
Animateur 1933-2007 M Martin
46%
Réalisateur 1907-1982 T Tati
41%
Animateur 1928-2014 C Chancel
38%
Compositeur 1819-1880 O Offenbach
38%
Acteur 1951-2005 V Villeret
38%
Chanteur 1943 D Dutronc
35%
Acteur 1949 W Weber
26%
Journaliste 1951 L Legros
23%
Politicien 1925 D Delors
22%
Acteur 1936 B Balutin
18%
Politicien 1941 T Toubon
18%
Acteur 1957 G Gamblin
16%
Acteur 1941-2022 P Perrin
13%
Dessinateur 1918-2006 F Faizant
12%
Acteur 1914-2005 D Dufilho
6%
Religieux 1935 G Gaillot
5%
Animateur 1922-2011 C Capelovici
4%
Acteur 1958 B Bonnafé
2%
Aucun quiz correspondant
Distribution des résultats
% des personnes avec chaque résultat
Percentile par nombre de réponses
Votre historique - résultats
Vous n’avez pas pris ce quiz